Villes d'Europe sur une carte par lettre - E - Statistiques

Statistiques générales
  • Ce quiz a été pris 229 fois
  • Le résultat moyen est 4 sur 10
Réponses sur la Carte
Les réponses sont colorées sur une échelle allant du rouge au vert en fonction du pourcentage des utilisateurs qui les ont devinées à leur premier essai. Vous pouvez retrouver ces pourcentages ci-dessous.
 
Statistiques - réponses
Ville en E % Correct
Edimbourg
99%
Essen
57%
Eindhoven
49%
Exeter
33%
Espelette
29%
Elche
27%
Echirolles
26%
Empoli
19%
Espoo
19%
Elblag
7%
Aucun quiz correspondant
Distribution des résultats
% des personnes avec chaque résultat
Percentile par nombre de réponses
Votre historique - résultats
Vous n’avez pas pris ce quiz